Dôsledky opatrení vláda prijala východiská pre zostavenie rozpočtu

Bibliographic Details
Main Author: Kantorík, Juraj (Author)
Format: Article
Language:Slovak
PhysicalDescription:Fotogr.
ISSN:1335-4051
Subjects:

MARC

LEADER 00000nab a2200000 a 4500
001 vtls000721293
003 SK-MaSNL
005 20260302200552.0
008 180206c2000 xo 0 slo
015 |a SNBRB2000/05-12997 
035 |a CLN000073460 
040 |a SNKBUCL  |b slo  |c SNKBUCL  |e AACR2 
041 0 |a slo 
044 |a xo  |c SK 
080 |a 328.1(437.6)  |2 UDC-MRF-SK2 
100 1 |a Kantorík, Juraj  |4 aut  |9 838802 
245 1 0 |a Dôsledky opatrení  |b vláda prijala východiská pre zostavenie rozpočtu  |c Juraj Kantorík 
300 |b Fotogr. 
610 7 |a Slovensko  |b Vláda  |x zasadanie  |y 26.4.2000  |2 snkbucl  |9 910233 
655 7 |a články z novín a časopisov  |2 snkbucl  |9 267496 
773 0 |x 1335-4051  |t Pravda  |g Roč. 10, č. 97 (27.4.2000), s. 2 
850 |a Slovenská národná knižnica v Martine 
852 |a SNK  |b KIS3GCP 
958 |a RBX 
999 |c 1457331  |d 1459261